Πειραματική βιοχημεία
Αποθηκεύτηκε σε:
| Κύριος συγγραφέας: | |
|---|---|
| Άλλοι συγγραφείς: | , , |
| Μορφή: | Βιβλίο |
| Γλώσσα: | Greek English |
| Δημοσίευση: |
Ηράκλειο :
Πανεπιστημιακές Εκδόσεις Κρήτης,
1992.
|
| Θέματα: | |
| Ετικέτες: |
Προσθήκη ετικέτας
Δεν υπάρχουν, Καταχωρήστε ετικέτα πρώτοι!
|
MARC
| LEADER | 00000cam a2200000 i 4500 | ||
|---|---|---|---|
| 001 | 1/105542 | ||
| 008 | 000328s1992 gr | ||| |||| ||gre|| | ||
| 020 | |a 9607309251 | ||
| 035 | |l 10059290 | ||
| 040 | |a GR-MyUA |b gre |e AACR2 | ||
| 041 | 1 | |a gre |h eng | |
| 082 | 0 | |a 574.192028 | |
| 100 | 1 | |a Clark, John Magruder, |d 1932- | |
| 245 | 1 | 0 | |a Πειραματική βιοχημεία / |c John N. Clark, Jr και Robert L. Switzer ; μετάφραση Γιώργος Παπαδόπουλος, Μιχάλης Παπαδόπουλος. |
| 260 | |a Ηράκλειο : |b Πανεπιστημιακές Εκδόσεις Κρήτης, |c 1992. | ||
| 300 | |a xv, 322 σ. : |b πίνακες, σχήματα ; | ||
| 500 | |a Τίτλος πρωτοτύπου: Experimental biochemistry. | ||
| 504 | |a Περιέχει ευρετήριο. | ||
| 650 | 0 | 0 | |a Biochemistry |x Laboratory manuals. |
| 700 | 1 | |a Switzer, Robert L. | |
| 700 | 1 | |a Παπαδόπουλος, Γιώργος, |e trl | |
| 700 | 1 | |a Παπαδόπουλος, Μιχάλης Αγ., |d 1936- |e trl | |
| 852 | |a INST |b LESVOS |e 20000328 |h 574.192028 CLA |p 005100020122 |q 005100020122 |t BK |y 0 | ||
| 901 | |a BIBL1-2000-2 | ||
| 909 | |a Λ |b 072653 | ||
| 922 | |a 1ΕΛΗ |b 199912 |c ΤΑΚ/ΤΕΘ |d ΠΑΠΑΣΩΤΗΡΙΟΥ | ||
| 950 | |a 134-1999-11-18 | ||
| 970 | |a ΑΙΒΑΤΖΙΔΟΥ |b ΕΛΕΝΗ |z 2000/05/10 | ||